000
00269nam a22001097a 4500
082
_a
928.95491 MEM'R
100
_a
RAZI, WASTI SYED
_9
79747
245
_a
MEMORIES AND OTHER WRITINGS OF SYED AMEER ALI
260
_a
LAHORE
_b
PEOPLES
_c
1968
300
_a
364P
942
_c
BK
999
_c
584750
_d
584750